000 00650nam a2200205 a 4500
001 000023453
005 20200930022229.0
008 101208s1968 sp ad r 000 0 spa d
040 _aDO-SdBNP
_bspa
_cBNPHU
082 _axxxxx
_bK196s
100 1 _aKatona, George
_948326
245 1 3 _aLa sociedad de consumo de masas /
_cGeorge Katona ; traducción Isidro Lliró.
260 _aMadrid :
_bRialp,
_c1968.
300 _a372 p. :
_bil., diag. ;
_c24 cm.
490 1 _aHombre y sociedad ;
_v14
500 _aIncluye notas al pie de las páginas.
700 1 _aLliró, Isidro,
_etr.
_948327
830 0 _aHombre y sociedad ;
_n14
_948328
049 _aBNGR
999 _c22949
_d22949